| 000 | 01447nam0a2200349 4500 | ||
|---|---|---|---|
| 001 | RU\NLR\BIBL_A\022399621 | ||
| 005 | 20250221181126.0 | ||
| 010 |
_a978-5-00185-619-1 _bПросвещение-Союз _9600 |
||
| 021 |
_aRU _bКН-П-24-064651 _9КН-П-24-6437 |
||
| 035 | _a(NLR Aleph) 022399621 | ||
| 090 |
_a13333722 _c13333722 |
||
| 100 | _a20241203d2024 c y0rusy50 ca | ||
| 101 | 0 | _arus | |
| 102 | _aRU | ||
| 105 | _aac f 000zd | ||
| 181 | 0 |
_ab2 _bbb2e |
|
| 181 | 0 |
_ai2 _baxxe |
|
| 182 | 0 | _an | |
| 200 | 1 |
_aЭнциклопедия ума _eмудрые мысли великих людей _fред.-сост. Е. А. Павликова |
|
| 203 |
_aИзображение _aТекст _bвизуальные _cнепосредственные |
||
| 210 |
_aМосква _cПросвещение, Просвещение-Союз, ОЛМА _d2024 |
||
| 215 |
_a206 с. _cцв. ил., портр. _d27 |
||
| 225 | 1 | _aМудрость тысячелетий | |
| 333 | _aДля детей старше 6 лет | ||
| 517 | 1 | _aМудрые мысли великих людей | |
| 606 | 1 |
_aАфоризмы _jСборники _2nlr_sh2 _3RU\NLR\AUTH\6694446 |
|
| 686 | 1 | _aЯ439(0) | |
| 702 | 1 |
_aПавликова _bЕ. А. _gЕлена Александровна _4220 _4340 |
|
| 942 | _cBOOK | ||
| 980 | _aNB | ||